Problems of freedom : (Record no. 27456)
[ view plain ]
| 000 -LEADER | |
|---|---|
| fixed length control field | 00979cam a22002651 4500 |
| 001 - CONTROL NUMBER | |
| control field | 27456 |
| 003 - CONTROL NUMBER IDENTIFIER | |
| rucl marc code | BD-RjUL |
| 005 - DATE AND TIME OF LATEST TRANSACTION | |
| control field | 20211209051146.0 |
| 008 - FIXED-LENGTH DATA ELEMENTS--GENERAL INFORMATION | |
| fixed length control field | 140325t1961 n b 001 0 eng d |
| 035 ## - SYSTEM CONTROL NUMBER | |
| System control number | (BD-RjUL)27530 |
| System control number | (OCoLC)1870743 |
| 040 ## - CATALOGING SOURCE | |
| Original cataloging agency | DLC |
| Transcribing agency | OAkU |
| Modifying agency | DLC |
| -- | BD-RjUL |
| Language of cataloging | eng |
| 041 ## - LANGUAGE CODE | |
| Language code of text/sound track or separate title | eng |
| 082 04 - DEWEY DECIMAL CLASSIFICATION NUMBER | |
| Classification number | 959.7 |
| Author mark and year | COP 1961 |
| 111 2# - MAIN ENTRY--MEETING NAME | |
| Meeting name or jurisdiction name as entry element | Conference on Social Development and Welfare in Vietnam |
| Date of meeting | (1959 : |
| Location of meeting | New York) |
| 9 (RLIN) | 84356 |
| 245 10 - TITLE STATEMENT | |
| Title | Problems of freedom : |
| Remainder of title | South Vietnam since independence / |
| Statement of responsibility, etc. | Edited by Wesley R. Fishel. Introd. by Mike Mansfield. The contributors: Joseph Buttinger [and others] |
| 260 ## - PUBLICATION, DISTRIBUTION, ETC. (IMPRINT) | |
| Place of publication, distribution, etc. | New York : |
| Name of publisher, distributor, etc. | Free Press of Glencoe, |
| Date of publication, distribution, etc. | c1961. |
| 300 ## - PHYSICAL DESCRIPTION | |
| Pagination | xiv, 233 p. : |
| Illustrations | ill. ; |
| Size | 24 cm. |
| 504 ## - BIBLIOGRAPHY, ETC. NOTE | |
| Bibliography, etc | Includes bibliographical references and index. |
| 651 #0 - SUBJECT ADDED ENTRY--GEOGRAPHIC NAME | |
| Geographic name | Vietnam |
| General subdivision | Social conditions |
| Form subdivision | Congresses. |
| 9 (RLIN) | 84352 |
| 700 1# - ADDED ENTRY--PERSONAL NAME | |
| Personal name | Fishel, Wesley R., |
| Relator term | ed. |
| 942 ## - ADDED ENTRY ELEMENTS (KOHA) | |
| Source of classification or shelving scheme | Dewey Decimal Classification |
| Koha item type | Books |
| Lost status | Source of classification or shelving scheme | Damaged status | Not for loan | Collection code | Permanent Location | Current Location | Shelving location | Date acquired | Source of acquisition | Cost, normal purchase price | Total Checkouts | Full call number | Date last seen | Copy number | Koha item type |
|---|---|---|---|---|---|---|---|---|---|---|---|---|---|---|---|
| Dewey Decimal Classification | Non-fiction | Central Library, University of Rajshahi | Central Library, University of Rajshahi | 01/05/1968 | Zeitlinger | 63.00 | 959.7 COP 1961 | 25/03/2014 | C-2 | Books | |||||
| Dewey Decimal Classification | Not For Loan | Non-fiction | Central Library, University of Rajshahi | Central Library, University of Rajshahi | Reading Room | 27/02/1964 | Zeitlinger | 55.00 | 959.7 COP 1961 | 23/02/2017 | C-1 | Books |